UBT Library

Monumentet Ushtarake (Record no. 60954)

000 -LEADER
fixed length control field 00303nam a22001337a 4500
008 - FIXED-LENGTH DATA ELEMENTS--GENERAL INFORMATION
fixed length control field 260331b ||||| |||| 00| 0 eng d
020 ## - INTERNATIONAL STANDARD BOOK NUMBER
International Standard Book Number 0000100271
041 ## - LANGUAGE CODE
Language code of text/sound track or separate title Shqip
080 ## - UNIVERSAL DECIMAL CLASSIFICATION NUMBER
Field link and sequence number 2.1
Universal Decimal Classification number 221.
100 ## - Rafti
Rafti 25
101 ## - Shkurtesa
Shkurtesa Monumente
245 ## - TITLE STATEMENT
Title Monumentet Ushtarake
Statement of responsibility, etc Naser Ferri
942 ## - ADDED ENTRY ELEMENTS (KOHA)
Source of classification or shelving scheme
Item type Books
Holdings
Withdrawn status Lost status Source of classification or shelving scheme Damaged status Not for loan Collection code Permanent location Current location Date acquired Total Checkouts Barcode Date last seen Price effective from Koha item type
          Koleksioni i përgjithshem UBT - Lipjan UBT - Lipjan 03/31/2026   003-800070999529 03/31/2026 03/31/2026 Books
          Koleksioni i përgjithshem UBT - Lipjan UBT - Lipjan 03/31/2026   003-800070999530 03/31/2026 03/31/2026 Books
          Koleksioni i përgjithshem UBT - Lipjan UBT - Lipjan 03/31/2026   003-800070999531 03/31/2026 03/31/2026 Books
          Koleksioni i përgjithshem UBT - Lipjan UBT - Lipjan 03/31/2026   003-800070999532 03/31/2026 03/31/2026 Books
UBT Library © 2015-2024. All rights reserved University Education for Business and Technology